000 00384 a2200169 4500
001 189403
020 _a978-85-10-04146-1-1
040 _cMagnum
100 _aFurtado, Maria Cristina
240 1 0 _aO guardião das florestas
_lpor
245 1 0 _aO guardião das florestas
300 _a48
362 0 _a2006
440 1 _aDo Brasil
697 _aLITERATURA INFANTO
942 _cBK
999 _c189403
_d189403